The role of surveyors in reducing carbon emissions in office stock (Record no. 105860)

MARC details
000 -LEADER
fixed length control field 01217cab a2200205 4500
001 - CONTROL NUMBER
control field ##L134954
008 - FIXED-LENGTH DATA ELEMENTS--GENERAL INFORMATION
fixed length control field 060913n2006 000 0 eng u
035 ## - SYSTEM CONTROL NUMBER
System control number (Sirsi) u134954
041 0# - LANGUAGE CODE
Language code of text/sound track or separate title eng
050 04 - LIBRARY OF CONGRESS CALL NUMBER
Classification number 696.9 $2 18
110 2# - MAIN ENTRY--CORPORATE NAME
Corporate name or jurisdiction name as entry element Royal Institution of Chartered Surveyors
Subordinate unit Education Trust
9 (RLIN) 47
245 04 - TITLE STATEMENT
Title The role of surveyors in reducing carbon emissions in office stock
260 ## - PUBLICATION, DISTRIBUTION, ETC.
Place of publication, distribution, etc. London
Name of publisher, distributor, etc. RICS
Date of publication, distribution, etc. 2006
520 ## - SUMMARY, ETC.
Summary, etc. A FIG delegation article summarising the results of research commissioned for the RICS Education Trust's Golden Jubilee in 2005 which examined ways in which surveyors can assist in reducing carbon emissions. The research focusses on Melbourne and examines the effect on carbon emissions of various scenarios over a 15 year period. Also discusses the best way to introduce a city-wide approach to reducing carbon emissions (see also L134955 for a summary of the report and L134956 for the full report).
590 ## - LOCAL NOTE (RLIN)
Local note IKA190906
651 #4 - SUBJECT ADDED ENTRY--GEOGRAPHIC NAME
Geographic name MELBOURNE
690 ## - LOCAL SUBJECT ADDED ENTRY--TOPICAL TERM (OCLC, RLIN)
Topical term or geographic name as entry element ENVIRONMENTAL AND LAND CONSULTANCY-ENERGY-ENERGY USE-ENERGY EFFICIENCY
856 40 - ELECTRONIC LOCATION AND ACCESS
Uniform Resource Identifier <a href="https://www.rics.org/RICSWEB/getpage.aspx?p=PVOpQPvYlEi7fpCx3ZnUpQ">https://www.rics.org/RICSWEB/getpage.aspx?p=PVOpQPvYlEi7fpCx3ZnUpQ</a>
Public note View the report free of charge at www.rics.org...
942 ## - ADDED ENTRY ELEMENTS (KOHA)
Suppress in OPAC 0
Holdings
Withdrawn status Lost status Source of classification or shelving scheme Damaged status Not for loan Home library Current library Shelving location Date acquired Total Checkouts Full call number Barcode Date last seen Copy number Price effective from Koha item type
    Dewey Decimal Classification     Virtual Virtual Online 13/09/2006   ONLINE PUBLICATION 134954-1001 06/08/2019 1 06/08/2019 Book